000 00525nam a2200169Ia 4500
003 OSt
005 20200811141533.0
008 190216s9999||||xx |||||||||||||| ||und||
020 _a9788170149392
040 _coclc
082 _a519.5
_bSAN/S
100 _aSancheti, D C
_9784
245 0 _aStatistics :
_bTheory, Methods and Applications /
_cD C Sancheti ; V K Kapoor
260 _bSultan Chand And Sons,
_c2002.
_aNew Delhi:
650 _aStatistics
942 _cBK
_2ddc
_h519.5
_iSAN/S
_k519.5
_mSAN/S
999 _c37222
_d37222